00720nam a22002057a 450000500170000001000150001702000260003203500140005803700130007208200110008524500840009626000540018027000540023430000210028870000220030970000170033194200250034899900170037395201240039020150923150501.0 aENG-113732 a9788192881294c240.00 aEN- 97264 bDBAD/PUB a530.03 aDictionary of physics /cedited & compiled by Raghvendra Singh [and] S.N. Gupta aGreater NoidabNucleus Books & Encyclopediac2015 a2nd Floor, B-31, Pocket P3bGreater Noidae201308 a176p.c22cm(pbk) a Raghvendra Singh aGupta, S.N.  2ddccENmDICh530.03 c95336d95336 001040718NFICaDBADbDBADd2015-07-29eDBAD/PUBg240.00l0o530.03 DICpEN-97264r2015-07-29 00:00:00t1v240.00yEN